| 000 | 00408nam a2200169Ia 4500 | ||
|---|---|---|---|
| 008 | 221030s9999 xx 000 0 und d | ||
| 020 | _a8122430905 | ||
| 041 | _aEnglish | ||
| 082 | _a105.23 | ||
| 100 | _aC. L. Wadhwa | ||
| 245 | 0 |
_aHigh Voltage Engineering _cby C. L. Wadhwa |
|
| 250 | _a3rd | ||
| 260 |
_bNew Age International Pub. _aNew Delhi _c2010 |
||
| 300 | _a291 | ||
| 650 | _aEE | ||
| 942 | _cBK | ||
| 999 |
_c10156 _d10156 |
||